Major colleges and universities in Omaha, NE Quiz Stats

 Plays Quiz not verified by Sporcle

Also try: 'Call' Me Maybe
Challenge
Share
Tweet
Embed
Score 0/6 Timer 02:00
0 Plays Today
Answer % Correct
University of Nebraska at Omaha
97.1%
Creighton University
88.6%
Metropolitan Community College
50%
University of Nebraska Medical Center
42.9%
Clarkson College
21.4%
Nebraska Methodist College
15.7%

You're not logged in!

Compare scores with friends on all Sporcle quizzes.
Join for Free
OR
Log In

You Might Also Like...

Show Comments

Extras

Created Dec 23, 2013ReportNominate
Tags:education

Top Quizzes Today


Score Distribution

Your Account Isn't Verified!

In order to create a playlist on Sporcle, you need to verify the email address you used during registration. Go to your Sporcle Settings to finish the process.

Report this User

Report this user for behavior that violates our Community Guidelines.

Details: